000 00990nam a2200277Ia 4500
003 OSt
005 20221005111605.0
006 a|||||r|||| 00| 0
007 ta
008 221004b |||||||| |||| 00| 0 hin d
020 _a9788126315277 (hbk)
_c260
024 _a7966
037 _b252, 24/10/2013, Swaraj Prakashan
_cTextual
040 _aCRL
_cCRL
_bhin
041 _2hin
_ahin
082 _aO152,3N671,OE, Q1
100 _aसती, शम्भूदत्त
245 0 _aओ इजा
246 _aO ijā
260 _aनई दिल्ली
_bभारतीय ज्ञानपीठ भारत
_c2011
300 _a144पृ0
_ccm.
490 _aलोकोदय ग्रन्थमाला; ग्रन्थांक 952
650 _aहिन्दी साहित्य
942 _hO152,3N671,OE, Q1
_cTEXL
_2cc
999 _c1022272
_d1022272